| 000 | 00477nam a2200193Ia 4500 | ||
|---|---|---|---|
| 005 | 20240823005603.0 | ||
| 008 | 240823s9999||||xx |||||||||||||| ||und|| | ||
| 041 | _aENGLISH | ||
| 082 | _A621.381 N7 | ||
| 100 | _aChatopadhyay D | ||
| 245 | 0 | _aElectronics Fundamentals Applications | |
| 250 | _a1st | ||
| 260 |
_c1997 _b"New Age,New Delhi" |
||
| 500 | _aTRANSFERED | ||
| 650 |
_aElectronics _bInstrumentation |
||
| 700 | _a Rakshit P C | ||
| 942 | _cBK | ||
| 999 |
_c156143 _d156143 |
||